LEADER 01211nam a2200217 i 4500 001 991003561979707536 008 181023s2018 it m ||| | ita d 035 $ab14352126-39ule_inst 040 $aBibl. Dip.le Aggr. Matematica e Fisica - Sez. Fisica$beng 100 1 $aFranco, Antonio$0334461 245 10$aStudio delle correlazioni con sorgenti astrofisiche per eventi di altissima energia rilevati dall'Osservatorio Pierre Auger. Tesi di laurea triennale /$claureando Antonio Franco ; relatori Lorenzo Perrone e Achille Nucita 260 $aLecce :$bUniversità del Salento. Facoltà di Scienze. Corso di Laurea Triennale in Fisica,$ca.a. 2017-18 300 $aii, 50 p. :$bill. ;$c30 cm 700 1 $aPerrone, Lorenzo 700 1 $aNucita, Achille 907 $a.b14352126$b03-07-20$c23-10-18 912 $a991003561979707536 945 $aLE006 T1170$g1$i2006000101721$lle006$nAutorizza la consultazione$og$pE0.00$q-$rn$so $t0$u0$v0$w0$x0$y.i15865253$z23-10-18 996 $aStudio delle correlazioni con sorgenti astrofisiche per eventi di altissima energia rilevati dall'Osservatorio Pierre Auger. Tesi di laurea triennale$91751478 997 $aUNISALENTO 998 $ale006$b23-10-18$cm$da $e-$fita$git $h0$i0 LEADER 01320nam2 22003253i 450 001 UMC0044768 005 20231121125911.0 100 $a20190621e19641888||||0itac50 ba 101 | $agrc 102 $ade 181 1$6z01$ai $bxxxe 182 1$6z01$an 200 0 $a1 205 $aEd. stereotypa editioni tertiae (1888) 210 $aStutgardiae$cin aedibus B. G. Teubneri$d1964 215 $aXCVII, 533 p.$d21 cm. 461 1$1001RMS0051125$12001 $aDiodori Bibliotheca historica$fex recensione et cum annotationibus Ludovici Dindorfii$g[poi] recognovit Fridericus Vogel$g[poi] Curtius Theodorus Fischer$v1 700 0$aDiodorus : Siculus$3CFIV068396$4070$0204784 790 0$aDiodore : de Sicile$3CFIV068397$zDiodorus : Siculus 790 0$aDiodoro : Siculo$3CFIV075309$zDiodorus : Siculus 790 0$aDiodoro : Siciliano$3CFIV231716$zDiodorus : Siculus 790 0$aDiodorus : of Sicily$3UFIV137155$zDiodorus : Siculus 801 3$aIT$bIT-01$c20190621 850 $aIT-FR0017 899 $aBiblioteca umanistica Giorgio Aprea$bFR0017 $eN 912 $aUMC0044768 950 2$aBiblioteca umanistica Giorgio Aprea$d 52DLM BTG /Dio.Si./1.1$e 52DUP0009024945 VMB RS $fA $h20190621$i20190621 977 $a 52 996 $a1$91624456 997 $aUNICAS